<?xml version="1.0" encoding="UTF-8"?>
<collection xmlns="http://www.loc.gov/MARC21/slim">
 <record>
  <leader>02389cam a22004572 a4500</leader>
  <controlfield tag="001">1132999375</controlfield>
  <controlfield tag="003">DE-627</controlfield>
  <controlfield tag="005">20220611134725.0</controlfield>
  <controlfield tag="007">tu</controlfield>
  <controlfield tag="008">971208n19uuuuuuxx |||||      00| ||ger c</controlfield>
  <datafield tag="035" ind1=" " ind2=" ">
   <subfield code="a">(DE-627)1132999375</subfield>
  </datafield>
  <datafield tag="035" ind1=" " ind2=" ">
   <subfield code="a">(DE-576)062999370</subfield>
  </datafield>
  <datafield tag="035" ind1=" " ind2=" ">
   <subfield code="a">(DE-599)BSZ062999370</subfield>
  </datafield>
  <datafield tag="035" ind1=" " ind2=" ">
   <subfield code="a">(DE-604)8100204856</subfield>
  </datafield>
  <datafield tag="040" ind1=" " ind2=" ">
   <subfield code="a">DE-627</subfield>
   <subfield code="b">ger</subfield>
   <subfield code="c">DE-627</subfield>
   <subfield code="e">rakwb</subfield>
  </datafield>
  <datafield tag="041" ind1=" " ind2=" ">
   <subfield code="a">ger</subfield>
  </datafield>
  <datafield tag="084" ind1=" " ind2=" ">
   <subfield code="a">9,10</subfield>
   <subfield code="2">ssgn</subfield>
  </datafield>
  <datafield tag="084" ind1=" " ind2=" ">
   <subfield code="a">AM 53700</subfield>
   <subfield code="2">rvk</subfield>
   <subfield code="0">(DE-625)rvk/4359:</subfield>
  </datafield>
  <datafield tag="084" ind1=" " ind2=" ">
   <subfield code="a">LH 84200</subfield>
   <subfield code="2">rvk</subfield>
   <subfield code="0">(DE-625)rvk/95290:</subfield>
  </datafield>
  <datafield tag="100" ind1="1" ind2=" ">
   <subfield code="a">Lejeune, Rita</subfield>
   <subfield code="d">1906-2009</subfield>
   <subfield code="0">(DE-588)1035550415</subfield>
   <subfield code="0">(DE-627)749549025</subfield>
   <subfield code="0">(DE-576)383281520</subfield>
   <subfield code="4">aut</subfield>
  </datafield>
  <datafield tag="240" ind1="1" ind2="3">
   <subfield code="a">La légende de Roland dans l'art du Moyen Age &lt;dt.&gt;</subfield>
  </datafield>
  <datafield tag="245" ind1="1" ind2="4">
   <subfield code="a">Die Rolandssage in der mittelalterlichen Kunst</subfield>
   <subfield code="c">Rita Lejeune und Jacques Stiennon</subfield>
  </datafield>
  <datafield tag="264" ind1=" " ind2="1">
   <subfield code="a">Brüssel</subfield>
   <subfield code="b">Arcade</subfield>
   <subfield code="c">19XX-</subfield>
  </datafield>
  <datafield tag="336" ind1=" " ind2=" ">
   <subfield code="a">Text</subfield>
   <subfield code="b">txt</subfield>
   <subfield code="2">rdacontent</subfield>
  </datafield>
  <datafield tag="337" ind1=" " ind2=" ">
   <subfield code="a">ohne Hilfsmittel zu benutzen</subfield>
   <subfield code="b">n</subfield>
   <subfield code="2">rdamedia</subfield>
  </datafield>
  <datafield tag="338" ind1=" " ind2=" ">
   <subfield code="a">Band</subfield>
   <subfield code="b">nc</subfield>
   <subfield code="2">rdacarrier</subfield>
  </datafield>
  <datafield tag="689" ind1="0" ind2="0">
   <subfield code="d">p</subfield>
   <subfield code="0">(DE-588)11855395X</subfield>
   <subfield code="0">(DE-627)694790036</subfield>
   <subfield code="0">(DE-576)208964053</subfield>
   <subfield code="a">Roland</subfield>
   <subfield code="c">Bretonische Mark, Markgraf</subfield>
   <subfield code="d">-778</subfield>
   <subfield code="2">gnd</subfield>
  </datafield>
  <datafield tag="689" ind1="0" ind2="1">
   <subfield code="d">s</subfield>
   <subfield code="0">(DE-588)4114333-4</subfield>
   <subfield code="0">(DE-627)105822957</subfield>
   <subfield code="0">(DE-576)209483733</subfield>
   <subfield code="a">Kunst</subfield>
   <subfield code="2">gnd</subfield>
  </datafield>
  <datafield tag="689" ind1="0" ind2="2">
   <subfield code="a">z</subfield>
   <subfield code="2">gnd</subfield>
   <subfield code="a">Geschichte 800-1500</subfield>
  </datafield>
  <datafield tag="689" ind1="0" ind2=" ">
   <subfield code="5">(DE-627)</subfield>
  </datafield>
  <datafield tag="700" ind1="1" ind2=" ">
   <subfield code="a">Stiennon, Jacques</subfield>
   <subfield code="d">1920-2012</subfield>
   <subfield code="0">(DE-588)1057568600</subfield>
   <subfield code="0">(DE-627)796057575</subfield>
   <subfield code="0">(DE-576)413292266</subfield>
   <subfield code="4">aut</subfield>
  </datafield>
  <datafield tag="700" ind1="1" ind2="2">
   <subfield code="a">Lejeune, Rita</subfield>
   <subfield code="d">1906-2009</subfield>
   <subfield code="t">La légende de Roland dans l'art du Moyen Age &lt;dt.&gt;</subfield>
  </datafield>
  <datafield tag="787" ind1="0" ind2="8">
   <subfield code="i">Rezensiert in</subfield>
   <subfield code="a">Kötzsche, Dietrich, 1930 - 2008</subfield>
   <subfield code="t">[Rezension von: Rita Lejeune, Die Rolandssage in der mittelalterlichen Kunst]</subfield>
   <subfield code="d">Aachen : Thouet, 1971</subfield>
   <subfield code="w">(DE-627)1559566094</subfield>
   <subfield code="w">(DE-576)48956609X</subfield>
  </datafield>
  <datafield tag="936" ind1="r" ind2="v">
   <subfield code="a">AM 53700</subfield>
   <subfield code="b">Untersuchung von Handschriftengruppen</subfield>
   <subfield code="k">Schrift und Handschriftenkunde. Schriftarten und Schreiben</subfield>
   <subfield code="k">Handschriftenkunde</subfield>
   <subfield code="k">Buchmalerei</subfield>
   <subfield code="k">Untersuchung von Handschriftengruppen</subfield>
   <subfield code="0">(DE-627)1272083268</subfield>
   <subfield code="0">(DE-625)rvk/4359:</subfield>
   <subfield code="0">(DE-576)202083268</subfield>
  </datafield>
  <datafield tag="936" ind1="r" ind2="v">
   <subfield code="a">LH 84200</subfield>
   <subfield code="b">Gestalten der Literatur</subfield>
   <subfield code="k">Allgemeines. Allgemeine Kunstgeschichte</subfield>
   <subfield code="k">Kunstgeschichte einzelner Gattungen der Kunst</subfield>
   <subfield code="k">Ikonographie, Ikonologie</subfield>
   <subfield code="k">Weltliche Ikonographie</subfield>
   <subfield code="k">Der Mensch</subfield>
   <subfield code="k">Die Stände</subfield>
   <subfield code="k">Gestalten der Literatur</subfield>
   <subfield code="0">(DE-627)1270652370</subfield>
   <subfield code="0">(DE-625)rvk/95290:</subfield>
   <subfield code="0">(DE-576)200652370</subfield>
  </datafield>
  <datafield tag="951" ind1=" " ind2=" ">
   <subfield code="a">MC</subfield>
  </datafield>
  <datafield tag="990" ind1=" " ind2=" ">
   <subfield code="a">Roland &lt;Bretonische Mark, Markgraf&gt; </subfield>
  </datafield>
  <datafield tag="990" ind1=" " ind2=" ">
   <subfield code="a">Kunst</subfield>
  </datafield>
  <datafield tag="990" ind1=" " ind2=" ">
   <subfield code="a">Geschichte 800-1500</subfield>
  </datafield>
  <datafield tag="991" ind1=" " ind2=" ">
   <subfield code="a">Rezensiertes Werk</subfield>
  </datafield>
  <datafield tag="999" ind1=" " ind2=" ">
   <subfield code="a">KXP-PPN1132999375</subfield>
   <subfield code="e">4152987219</subfield>
  </datafield>
 </record>
</collection>
